000 00460nam a22001697a 4500
005 20251108175902.0
008 250721s2023 xx 000 0 ara d
082 1 4 _a811.9565/بوا
100 1 _aالبواب، هناء
245 1 0 _aاقتراف الندم /
264 1 _aبغداد :
_bالرافدين،
_c2023.
300 _a130ص.
650 1 7 _aالشعر العربي
650 1 7 _aالعصر الحديث
942 _2ddc
_cBK
999 _c144733
_d144733